| 000 | 00658nam a2200217 a 4500 | ||
|---|---|---|---|
| 005 | 20210223123910.0 | ||
| 008 | 991125n 000 0 u | ||
| 035 | _aUPN01000078997 | ||
| 100 | 1 |
_aPosner, Barry Z. _929872 |
|
| 222 | _aJOURNAL OF EDUCATIONAL TECHNOLOGY SYSTEMS | ||
| 245 | _aFactors in the adoption and use of an electronic communication system for MBA students | ||
| 300 | _a5-19 | ||
| 362 | _a21, No. 1, 1992-93 | ||
| 505 | _aAbril 1993 | ||
| 653 | 0 |
_aEMPRESAS - _xADMINISTRACION |
|
| 653 | 0 | _aCORREO ELECTRONICO | |
| 700 | _aDanielson, Ronald L. | ||
| 700 | _aSchmidt-Posner, Jackie | ||
| 904 |
_aAC _b016808 |
||
| 905 | _aArticulo | ||
| 999 |
_c68887 _d68887 |
||